| 000 | 00784nam a2200241 u 4500 | ||
|---|---|---|---|
| 005 | 20240910064014.0 | ||
| 008 | 120523s2007 ag r 000 0 spa d | ||
| 020 | _a9789875910621 | ||
| 035 | _aUPN01000184571 | ||
| 049 | _aCG | ||
| 050 | 4 |
_aHQ796 _bA3.7 |
|
| 245 | 0 | 0 |
_aAdolescencias y juventudes : _bdesafíos actuales / _cEduardo de la Barrera ... [et al.] ; comp. Marta I. Crabay. |
| 260 |
_aCórdoba, Arg. : _bBrujas, _c[2007]. |
||
| 300 |
_a274 p. : _bgráfs. |
||
| 650 | 4 |
_aAdolescencia _91008 |
|
| 650 | 0 |
_aAdolescentes _xConducta de vida _91767 |
|
| 650 | 4 |
_aPsicología educativa _95197 |
|
| 650 | 2 |
_aIntervención educativa _94972 |
|
| 700 | 1 |
_aBarrera, Eduardo de la, _ecoaut. |
|
| 700 | 1 |
_aCrabay Celluci, Marta Isabel, _ecomp. |
|
| 905 | _aLibro | ||
| 999 |
_c156674 _d156674 |
||